Polemika o zavedení spoločnej európskej meny na Slovensku

Diskusia o výhodách zavedenia eura a jeho vplyve na slovenskú ekonomiku. Nevyhnutné predpoklady ekonomiky pre prijatie eura. Princíp impossible trinity. Dosah eurozóny na podniky. Porovnanie výkonu ekonomiky a cenovej hladiny SR a EÚ.

Na minha lista:
Detalhes bibliográficos
Autor principal: Kuruc, Radko
Formato: Capítulo de Livro
Idioma:eslovaco
Assuntos:
Tags: Adicionar Tag
Sem tags, seja o primeiro a adicionar uma tag!

MARC

LEADER 00000naa$a2200000$$$4500
001 0002472
005 20230925124055.3
041 0 |a slo 
044 |a SK 
245 1 0 |a Polemika o zavedení spoločnej európskej meny na Slovensku  |c aut. Radko Kuruc 
520 |a Diskusia o výhodách zavedenia eura a jeho vplyve na slovenskú ekonomiku. Nevyhnutné predpoklady ekonomiky pre prijatie eura. Princíp impossible trinity. Dosah eurozóny na podniky. Porovnanie výkonu ekonomiky a cenovej hladiny SR a EÚ. 
610 2 0 |a únie menové 
610 2 0 |a Slovensko 
610 2 0 |a Európska únia 
610 2 0 |a euro 
610 2 0 |a konkurencieschopnosť 
610 2 0 |a politika menová 
610 2 0 |a integrácia menová 
100 1 |a Kuruc, Radko